technical studies 3. (Record no. 354112)

000 -LEADER
fixed length control field 00514nam a22002057a 4500
003 - CONTROL NUMBER IDENTIFIER
control field OSt
005 - DATE AND TIME OF LATEST TRANSACTION
control field 20180116192431.0
008 - FIXED-LENGTH DATA ELEMENTS--GENERAL INFORMATION
fixed length control field 151208t xxu||||| |||| 00| 0 eng d
020 ## - INTERNATIONAL STANDARD BOOK NUMBER
International Standard Book Number 9812231676
040 ## - CATALOGING SOURCE
Transcribing agency 0
082 ## - DEWEY DECIMAL CLASSIFICATION NUMBER
Classification number 362.5
245 1# - TITLE STATEMENT
Title technical studies 3.
246 ## - VARYING FORM OF TITLE
Title proper/short title technical studies three.
260 ## - PUBLICATION, DISTRIBUTION, ETC.
Place of publication, distribution, etc. Singapore:
Name of publisher, distributor, etc. Longman;
Date of publication, distribution, etc. 1997.
300 ## - PHYSICAL DESCRIPTION
Extent 208p:
Other physical details ill;
Dimensions 29 cm.
650 ## - SUBJECT ADDED ENTRY--TOPICAL TERM
Topical term or geographic name entry element Materials
9 (RLIN) 8219
650 ## - SUBJECT ADDED ENTRY--TOPICAL TERM
Topical term or geographic name entry element workshop process
9 (RLIN) 8220
650 ## - SUBJECT ADDED ENTRY--TOPICAL TERM
Topical term or geographic name entry element basic technologies
9 (RLIN) 8221
942 ## - ADDED ENTRY ELEMENTS (KOHA)
Source of classification or shelving scheme
Koha item type Book
Holdings
Withdrawn status Lost status Source of classification or shelving scheme Damaged status Not for loan Permanent Location Current Location Date acquired Total Checkouts Full call number Barcode Date last seen Copy number Cost, replacement price Price effective from Koha item type
          School of Art Design and Architecture (SADA) School of Art Design and Architecture (SADA) 12/08/2015   362.5 TEC 1997 SADA0002511 01/05/2017 01 307.00 01/05/2017 Book
          School of Art Design and Architecture (SADA) School of Art Design and Architecture (SADA) 12/08/2015   362.5 TEC 1997 SADA0002512 01/05/2017 02 307.00 01/05/2017 Book
© 2023 Central Library, National University of Sciences and Technology. All Rights Reserved.